000 00617nam a2200193 4500
001 138659
003 ES-MaACL
007 t|
008 070214s1971 mx r ||||1| spa d
100 1 _aSantayana, George.
_9103357
245 1 3 _aEl nacimiento de la razón
_b: ; y otros ensayos /
_cpor George Santayana ; Daniel Cory, compilador ; [versión Nuria Parés].
250 _a1ª ed.
260 _aMéxico :
_bRoble,
_c1971.
300 _aXII, 162 p. ;
_c20 cm.
700 1 _aCory, Daniel.
_940971
700 0 _aParés, Nuria,
_d1925-2010
_989101
852 _aES-MaACL
_jL-5514
_bR.93547
999 _c138659
_d138659